00953cam a22002531 4500001000500000005001700005020001800022040003000040050001600070082001000086100002000096245004800116250004500164260004500209300004900254505000800303520013300311521002000444521002000464906004500484942001500529999001500544952014000559271620240111135050.0 a9780736896184 aDLCcMiEMdMiEMdDLCbeng00aQB637.H3518 a508.2 aHall, Margaret 14aThe seasons of the year /cby Margaret Hall aPrinted in the United States of America  aNorth Mankato :bCapstone Press , c2007 a24 pages : bcolor illustrations ; c24 cm.  aI  aSimple text and photographs present an introduction to why the seasons change and how seasons are a recurring pattern in nature. a460 bLexile  aI bRaz-Plus  a7bcbccoclcrplduencipf19gy-gencatlg 2ddccBKn0 c2716d2716 00102ddc40708NFICa001b001cTTPd2024-01-11l5oHAL 508.2 QB637.H3518pFISTK02174r2025-04-10 15:35:24s2025-04-03w2024-01-11yBK